00735nam a22002177a 450000500170000001000270001702000340004402000340007803500250011203700130013708200110015010000260016124500850018726000670027227000730033930000180041230000150043049000170044570000280046270000270049020240918105232.0 aENG-141659 ENG-141660 c 950.00a9789393330895(Vol 1) c695.00a9789393330888 (Vol 2) aEN-125191 EN-125192 bDBAD/PUB a57422 aJha, Abhimanyu Kumar  aBiology For Neet/cBy Abhimanyu Kumar Jha; Runjhun Mathur [ and ] Meenakshi Jha  aTelanganabUniversities Press ( India ) Private Limited c2024 bHyderabada3-6-747/1A & 3-6- 754/1, Himayatnagar, Hyderabad e500029 avp.c28cm(pb) avp.b28cm. vVol 1, Vol 2 aMathur, RunjhuneAuthor aJha, MeenakshieAuthor